000 00789nas a2200253 i 4500
001 2558
003 ES-MaACL
005 20250217134651.0
008 950801c1911 gw | | 1 ||er d
080 _a058
245 0 0 _aMinerva
_b: handbuch der gelehrten welt /
_cbearbeitet von Dr. G. Ludtke und J. Beugel.
260 _aStrassburg, etc ;
_a[Bonn :
_bKarl J. Trübner, etc :
_bCarl Georgi],
_c[1911]- (
_eLeipzig :
_fC.G. Röder)
300 _a3 v. ;
_c21 cm.
310 _aAnual
362 0 _a[1911]-
650 4 _aUniversidades
_vPublicaciones periodicas
_9227294
655 7 _2tgfbne
_9226822
_aAnuarios
700 1 _aLudtke, G.
_974616
700 1 _aBeugel, J.
_928704
852 _aES-MaACL
_jB-13713-15
866 1 _o1911-13,1925.
942 _2udc
999 _c2558
_d2558